Co to za polityk? - Statystyki

Ogólne statystyki
  • Ten quiz został rozwiązany 33 razy
  • Średni wynik to 6 z 15
Statystyki odpowiedzi
Hint Odpowiedź % Poprawnych
Najdłużej rządzący premier III RP (sumarycznie) Donald Tusk
97%
Tworzy parę z Robertem Biedroniem Krzysztof Śmiszek
53%
Pierwszy I sekretarz KC PZPR Bolesław Bierut
50%
Współzałożyciel PO, zmarł w 2026 Aleksander Olechowski
44%
Pierwsza kobieta premier Hanna Suchocka
44%
Współzałożyciel PO, zginął w Katastrofie Smoleńskiej Maciej Płażyński
41%
Tworzy duet z Michałem Szczerbą Dariusz Joński
38%
Pierwszy minister zdrowia w czasie pandemii Covid Łukasz Szumowski
38%
Najdłużej rządzący premier powojennej Polski Józef Cyrankiewicz
31%
Ostatni I sekretarz KC PZPR Mieczysław Rakowski
28%
Najmłodszy poseł X kadencji sejmu Adam Gomoła
22%
Najstarszy żyjący premier RP Jerzy Buzek
22%
Prezydent na uchodźstwie, ostatni w II RP, marszałek senatu Władysław Raczkiewicz
22%
Premier, zamordowany w 1992 Piotr Jaroszewicz
19%
Najdłużej żyjący premier powojennej Polski (zm.2021 w wieku 93 lat) Edward Babiuch
9%
Nie znaleziono quizów pasujących do podanych kryteriów
Rozkład punktacji
Procent ludzi z każdym wynikiem
Percentyl według liczby udzielonych odpowiedzi
Twoja historia wyników
Nie rozwiązałeś tego quizu